[Event "Tapolca op"]
[Site "Budapest"]
[Date "1999.01.15"]
[Round "8"]
[White "Szabolcsi, Janos"]
[Black "Pasztor, Ferenc"]
[Result "0-1"]
[WhiteElo "2425"]
[BlackElo "2265"]

1.d4 Nf6 2.c4 e6 3.Nf3 b6 4.Nc3 Bb4 5.g3 Bxc3+ 6.bxc3 O-O 7.Bg2 Bb7 8.O-O d6
9.Qd3 Nbd7 10.Re1 Be4 11.Qe3 Qe7 12.g4 Bb7 13.g5 Nh5 14.d5 Rae8 15.Nh4 Ne5
16.Qd4 f5 17.f4 Ng6 18.dxe6 Bxg2 19.Nxg2 Qxe6 20.a4 a5 21.e3 Ne7 22.Ra2 h6
23.e4 hxg5 24.exf5 Qxf5 25.Rae2 Qf7 26.fxg5 Nc6 27.g6 Qf5 28.Qd5+ Qxd5 29.cxd5 Rxe2
30.Rxe2 Ne5 31.Be3 Nxg6 32.Bd4 Ngf4 33.Nxf4 Nxf4 34.Re7 Rf7 35.Re8+ Kh7 36.c4 Ng6
37.Be3 Ne5 38.c5 Nf3+ 39.Kg2 dxc5 40.Kg3 c4 41.Re4 c3 42.Rc4 Nd2 43.Bxd2 cxd2
44.Rd4 Rd7 45.Kf4 Kg6 46.Rxd2 Kf6 47.Ke4 Ke7 48.Rc2 Kd8 49.Kd4 Rf7 50.Ke5 Kd7
51.Rg2 Re7+ 52.Kd4 Kc8 53.Rc2 g5 54.Rc6 Rh7 55.Rc2 Kd7 56.Ke5 Rh4 57.Ra2 Rc4
58.Kf5 g4 59.Ke5 Rb4 60.Ra3 Rc4 61.Ra2 c6 62.dxc6+ Kxc6 63.Ra1 Kc5 64.Ra2 b5
65.axb5 Kxb5 66.Kd5 a4 67.Ra1 Rb4 68.Ke5 Rb2 69.Kd4 Kb4 70.Kd3 a3  0-1

[Event "Mermaid Beach Club"]
[Site "Bermuda"]
[Date "1999.01.25"]
[Round "5"]
[White "Chandler, Murray G"]
[Black "Elbilia, Jacques"]
[Result "1/2-1/2"]
[WhiteElo "2520"]
[BlackElo "2360"]

1.d4 e6 2.c4 Nf6 3.Nf3 b6 4.Nc3 Bb4 5.Bg5 Bb7 6.e3 h6 7.Bh4 g5 8.Bg3 Ne4
9.Nd2 Nxg3 10.hxg3 Nc6 11.Qc2 Qe7 12.a3 Bxc3 13.Qxc3 O-O-O 14.b4 f5 15.Nb3 Qf6
16.f3 f4 17.gxf4 gxf4 18.b5 Ne7 19.e4 d6 20.a4 c5 21.a5 Kb8 22.O-O-O Qg5
23.Rd2 e5  1/2-1/2

[Event "Geneve op"]
[Site "Geneve"]
[Date "1999.01.31"]
[Round "9"]
[White "Bennett, John"]
[Black "Buehler, Beat"]
[Result "0-1"]
[WhiteElo "2132"]
[BlackElo "2184"]

1.d4 Nf6 2.c4 e6 3.Nf3 b6 4.Nc3 Bb4 5.Bg5 h6 6.Bh4 Bb7 7.e3 g5 8.Bg3 Ne4
9.Qc2 Nxc3 10.bxc3 Be7 11.e4 d6 12.Be2 Nd7 13.O-O Bf6 14.h3 Qe7 15.c5 dxc5
16.e5 Bg7 17.Nd2 O-O 18.f4 cxd4 19.cxd4 c5 20.f5 exf5 21.Qxf5 Qe6 22.Qf2 cxd4
23.Bg4 Qe7 24.Nc4 Ba6 25.Rac1 Nc5 26.Qf5 Bc8 27.Qf3 Bxg4 28.Qxg4 d3 29.Nd6 Qe6
30.Rf5 Qxa2 31.Rcf1 Qe2 32.Qc4 Qc2 33.Qg4 d2 34.h4 Qa4 35.Qh5 g4 36.Rxf7 d1=Q
37.Be1 Qad4+ 38.Kh1 Qxe5 39.Rxf8+ Rxf8 40.Rxf8+ Kh7  0-1

[Event "BL2-W9899"]
[Site "Germany"]
[Date "1999.01.31"]
[Round "5.2"]
[White "Barsov, Alexei"]
[Black "Becker, Marc"]
[Result "1-0"]
[WhiteElo "2514"]
[BlackElo "2419"]

1.d4 Nf6 2.Nf3 e6 3.c4 b6 4.Nc3 Bb4 5.Qb3 a5 6.g3 Bb7 7.Bg2 O-O 8.O-O Bxc3
9.Qxc3 d6 10.b3 Nbd7 11.Bb2 Rc8 12.Rad1 Be4 13.d5 e5 14.Bh3 c6 15.dxc6 Rxc6
16.Ng5 Bg6 17.Bg2 d5 18.Bxd5 Nxd5 19.Rxd5 Qxg5 20.Rxd7 f6 21.Rfd1 h5 22.Bc1 Qg4
23.Qd2 Rfc8 24.Rb7 Bf5 25.Qe3 h4 26.f3 Qg6 27.g4 e4 28.Qf4 Be6 29.h3 exf3
30.exf3 Qc2 31.Qd2 Qxd2 32.Rxd2 Re8 33.Kf2 a4 34.Bb2 axb3 35.axb3 Ra8 36.Bd4 Ra3
37.Bxf6 Bf7 38.Rd8+ Kh7 39.Be5 Ra2+ 40.Ke3 Kg6 41.f4  1-0

[Event "RUS-Cup03 (Geller mem)"]
[Site "Moscow"]
[Date "1999.02.07"]
[Round "6"]
[White "Zakharevich, Igor"]
[Black "Saulin, Dmitri"]
[Result "0-1"]
[WhiteElo "2532"]
[BlackElo "2427"]

1.d4 Nf6 2.c4 e6 3.Nf3 b6 4.Nc3 Bb4 5.Bg5 Bb7 6.e3 h6 7.Bh4 Bxc3+ 8.bxc3 d6
9.Nd2 Nbd7 10.f3 Qe7 11.Bd3 g5 12.Bf2 e5 13.Qa4 e4 14.Be2 exf3 15.Bxf3 Ne4
16.Nxe4 Bxe4 17.h4 Rg8 18.hxg5 hxg5 19.O-O-O a5 20.Rh5 O-O-O 21.Qb5 f5 22.Rh6 Rh8
23.Rdh1 Rxh6 24.Rxh6 f4 25.Bg4 Bxg2 26.c5 dxc5 27.dxc5 Qe5 28.Qd3 Qxc5 29.e4 Qxf2
30.Bxd7+ Kb8 31.e5 Qe1+ 32.Kb2 Qxe5  0-1

[Event "Aktiv Alliancen op"]
[Site "Taastrup"]
[Date "1999.02.07"]
[Round "2"]
[White "Aagaard, Jacob"]
[Black "Petersen, Steen"]
[Result "0-1"]
[WhiteElo "2399"]
[BlackElo "2146"]

1.d4 Nf6 2.Nf3 e6 3.c4 b6 4.Nc3 Bb4 5.Bg5 Bb7 6.e3 h6 7.Bh4 g5 8.Bg3 Ne4
9.Qc2 Bxc3+ 10.bxc3 d6 11.Bd3 Nxg3 12.fxg3 Nd7 13.O-O Qe7 14.Rf2 O-O-O 15.a4 a5
16.Be4 h5 17.Bxb7+ Kxb7 18.e4 e5 19.Raf1 h4 20.gxh4 g4 21.Nd2 Qxh4 22.g3 Qh6
23.c5 dxc5 24.d5 f5 25.exf5 Nf6 26.Nc4 Rxd5 27.Rb1 Kc8 28.Qe2 e4 29.Ne3 Rd3
30.Nxg4 Rxg3+ 31.Kh1 Nxg4 32.Qa6+ Kb8 33.Re2 Qxh2+ 34.Rxh2 Rxh2+  0-1

[Event "RUS-Cup03 (Geller mem)"]
[Site "Moscow"]
[Date "1999.02.08"]
[Round "7"]
[White "Belozerov, Andrei"]
[Black "Nikolenko, Oleg"]
[Result "0-1"]
[WhiteElo "2437"]
[BlackElo "2510"]

1.d4 e6 2.Nf3 Nf6 3.c4 b6 4.Nc3 Bb4 5.Bg5 Bb7 6.e3 h6 7.Bh4 Bxc3+ 8.bxc3 d6
9.Bd3 Qe7 10.O-O Nbd7 11.Nd2 g5 12.Bg3 h5 13.h4 Rg8 14.f3 O-O-O 15.hxg5 Rxg5
16.Bh4 Rg7 17.Rf2 Rdg8 18.Qa4 Kb8 19.Re1 Qe8 20.Qc2 Ng4 21.Rfe2 Nxe3 22.Rxe3 Rxg2+
23.Kf1 Rh2 24.Bf2 Qe7 25.Ne4 Rgg2 26.R1e2 Bxe4 27.Rxe4 Qg5 28.Rh4 Rxf2+ 29.Rxf2 Rxh4
30.Rg2 Qe3 31.Rg8+ Kb7 32.Kg2 Nf6 33.Rg7 Qh6 34.Rg3 Rf4 35.c5 h4 36.Ba6+ Kb8
37.Rg8+ Nxg8 38.Qa4 Qg5+ 39.Kh1 Nf6 40.Qc6  0-1

[Event "RUS-Cup03 (Geller mem)"]
[Site "Moscow"]
[Date "1999.02.11"]
[Round "2"]
[White "Zakharevich, Igor"]
[Black "Kosarev, Andrei M"]
[Result "1-0"]
[WhiteElo "2532"]
[BlackElo "2345"]

1.d4 Nf6 2.c4 e6 3.Nf3 b6 4.Nc3 Bb7 5.a3 d5 6.Qc2 Be7 7.cxd5 Nxd5 8.Bd2 Nxc3
9.Bxc3 Qd5 10.g3 Qf5 11.Qxf5 exf5 12.d5 O-O 13.Nd4 Bxd5 14.Nxf5 Nc6 15.f3 Bf6
16.Bxf6 gxf6 17.Rc1 Rfe8 18.Kf2 Ne7 19.Ne3 c5 20.Nxd5 Nxd5 21.Bh3 Red8 22.Rhd1 Nc7
23.e3 Ne6 24.Ke2 Re8 25.Rd7 Nf8 26.Rd6 Re5 27.Bg2 Rae8 28.Rc3 Kg7 29.f4 R5e6
30.Rd2 b5 31.Rxc5 Rxe3+ 32.Kf2 a6 33.Rc7 R3e7 34.Rxe7 Rxe7 35.Rd6 Rc7 36.Rc6 Ra7
37.Ke3 Ne6 38.Bh3 Re7 39.Kd3 a5 40.b4 axb4 41.axb4 Rd7+ 42.Kc3 Rd1 43.Rb6 Nc7
44.Bg2 Rc1+ 45.Kd3 Rd1+ 46.Kc2 Re1 47.Bf3 Rf1 48.Bc6 Rf2+ 49.Kc3 Rxh2 50.Rb7 Ne6
51.Be8 Kf8 52.Bxb5 Rg2 53.f5 Rxg3+ 54.Kb2 Nd4 55.Bc4 Nxf5 56.Rxf7+ Ke8 57.Rxf6 Ne7
58.Rh6 Rg7 59.Kb3 Kd8 60.b5 Kc8 61.Kb4 Kb7 62.Ka5 Ng6 63.Bd5+ Kb8 64.Rh1 Ra7+
65.Kb4 Nf4 66.Be4 h5 67.Rf1 Rf7 68.Rf3 Rf6 69.Ra3 Kc8 70.Ra8+ Kc7 71.Ra7+ Kb8
72.Rh7 Re6 73.Bc6 Ng6 74.Rb7+ Kc8 75.Ra7 Kb8 76.Ra8+ Kc7 77.Kc5 Re5+ 78.Bd5 Ne7
79.b6+ Kd7 80.b7 Nc6 81.Rc8 Ne7  1-0

[Event "Budapest FS02 IM"]
[Site "Budapest"]
[Date "1999.02.12"]
[Round "7"]
[White "Szeberenyi, Adam"]
[Black "Mohammed, A."]
[Result "1/2-1/2"]
[WhiteElo "2287"]
[BlackElo "2245"]

1.d4 Nf6 2.c4 e6 3.Nf3 b6 4.Nc3 Bb7 5.a3 d5 6.cxd5 exd5 7.g3 Be7 8.Bg2 O-O
9.O-O Nbd7 10.Bf4 c5 11.Qc2 Re8 12.Rad1 Nf8 13.h3 Ne6 14.Be3 Rc8 15.dxc5 bxc5
16.Ng5 Qb6 17.Nxd5 Bxd5 18.Bxd5 Nxg5 19.Bxg5 Nxd5 20.Rxd5 Qe6 21.Rfd1 Bxg5
22.Rxg5 c4 23.Qf5 h6 24.Qxe6 Rxe6 25.Rb5 Rxe2 26.Rd7 Rc6 27.Rb8+ Kh7 28.Rxf7 Rb6
29.Ra8 Rexb2 30.Raxa7 Rg6 31.Rac7 Ra2 32.Rxc4 Rxa3 33.Rcc7 Raa6 34.Kg2 Raf6
35.Rfd7 Rf8 36.g4 h5 37.Kg3 hxg4 38.hxg4 Ra8 39.f3 Ra3 40.Rf7 Raa6 41.Rfd7 Ra3
42.Rb7 Rc3 43.Ra7 Rb3 44.Rdc7 Kh8 45.Rf7 Kh7 46.Rf5 Rgb6 47.Rff7 Rg6 48.Rf8 Rc3
49.Rd7 Ra3 50.Rf5 Rb6 51.g5 Rb1 52.g6+ Kxg6 53.Rff7 Kh6  1/2-1/2

[Event "RUS-Cup03 (Geller mem)"]
[Site "Moscow"]
[Date "1999.02.14"]
[Round "5"]
[White "Filipenko, Alexander V"]
[Black "Tunik, Gennady"]
[Result "0-1"]
[WhiteElo "2360"]
[BlackElo "2474"]

1.d4 Nf6 2.c4 e6 3.Nf3 b6 4.Nc3 Bb4 5.Qb3 a5 6.Bg5 Bb7 7.e3 h6 8.Bh4 d6 9.Bd3 Nbd7
10.O-O-O Bxc3 11.Qxc3 g5 12.Bg3 Ne4 13.Qc2 f5 14.Ne1 Qf6 15.f3 Nxg3 16.hxg3 O-O-O
17.Qc3 f4 18.gxf4 gxf4 19.e4 e5 20.d5 Rdg8 21.a3 Kd8 22.Bc2 Ke7 23.Rh2 Ra8
24.Nd3 h5 25.Rdh1 Qg5 26.Ba4 Nf6 27.Bb5 h4 28.Qe1 h3 29.Rxh3 Rxh3 30.gxh3 Rg8
31.h4 Qg3 32.Qxg3 Rxg3 33.Ne1 Nh5 34.Kd2 Rg8 35.Rh2 Bc8 36.Rg2 Ng3 37.Kd3 Bh3
38.Rh2 Bf1+ 39.Kd2 Rh8 40.b3 Kf6 41.Nc2 Rg8 42.b4 Bg2 43.c5 Bxf3 44.cxb6 cxb6
45.Kc3 Bxe4 46.Bc4 Rc8 47.Kb3 Nf5  0-1

[Event "BL2-N9899"]
[Site "Germany"]
[Date "1999.02.21"]
[Round "6.3"]
[White "Plueg, Andreas"]
[Black "Schilow, Wladimir"]
[Result "0-1"]
[WhiteElo "2355"]
[BlackElo "2335"]

1.d4 e6 2.c4 Nf6 3.Nf3 b6 4.Nc3 Bb7 5.g3 Bb4 6.Qb3 Bxf3 7.exf3 Nc6 8.Be3 a5
9.Bg2 a4 10.Qc2 a3 11.b3 d5 12.O-O O-O 13.cxd5 exd5 14.Rac1 Be7 15.Ne2 Nb4
16.Qd2 Ra5 17.Nf4 c5 18.Nd3 Nxd3 19.Qxd3 Nd7 20.Rfd1 cxd4 21.Bxd4 Nc5 22.Qc3 Ne6
23.Be5 d4 24.Bxd4 Rd5  0-1

[Event "BL2-O9899"]
[Site "Germany"]
[Date "1999.03.07"]
[Round "7.3"]
[White "Zude, Erik"]
[Black "Schmidt, Jan Peter"]
[Result "1-0"]
[WhiteElo "2355"]
[BlackElo "2300"]

1.d4 Nf6 2.c4 e6 3.Nf3 b6 4.Nc3 Bb4 5.Bg5 h6 6.Bh4 Bb7 7.e3 g5 8.Bg3 Ne4
9.Qc2 Bxc3+ 10.bxc3 Nxg3 11.fxg3 Nc6 12.Bd3 Qe7 13.O-O O-O-O 14.c5 h5 15.a4 h4
16.g4 h3 17.g3 f5 18.a5 fxg4 19.axb6 axb6 20.Nd2 Rdf8 21.cxb6 Rxf1+ 22.Rxf1 cxb6
23.Qb2 Rf8 24.Qxb6 Rxf1+ 25.Bxf1 Qf8 26.Ne4 Qa3 27.Be2 d6 28.Kf2 Kb8 29.c4 d5
30.Nc5 Qa7 31.Qb2 dxc4 32.Bxc4 e5 33.Qxb7+ Qxb7 34.Nxb7 Kxb7 35.Bd5 exd4
36.exd4 Kc7 37.Bxc6 Kxc6 38.Ke3 Kd5 39.Kd3 Kd6 40.Ke4 Ke6 41.d5+  1-0

[Event "Bled op"]
[Site "Bled"]
[Date "1999.03.20"]
[Round "1"]
[White "Dobrotka, Martin"]
[Black "Maric, Alisa"]
[Result "0-1"]
[WhiteElo "2231"]
[BlackElo "2481"]

1.d4 Nf6 2.Nf3 e6 3.c4 b6 4.Nc3 Bb7 5.e3 d5 6.cxd5 exd5 7.Bd3 Bd6 8.O-O O-O
9.b3 a6 10.Ne5 c5 11.f4 Nc6 12.Ne2 Ne4 13.Nxc6 Bxc6 14.Rf3 Re8 15.Bb2 Bf8
16.Qe1 Bb5 17.Rd1 Bxd3 18.Rxd3 c4 19.Rd1 Rc8 20.bxc4 Rxc4 21.Ng3 Bb4 22.Qe2 b5
23.Nxe4 dxe4 24.Rh3 Qd5 25.Rh5 Qd7 26.Rc1 Rxc1+ 27.Bxc1 g6 28.Re5 Rxe5 29.fxe5 Qc6
30.Qd1 Bc3 31.Qc2 b4 32.Kf2 Be1+  0-1

[Event "Spring Festival 15th"]
[Site "Budapest"]
[Date "1999.03.20"]
[Round "4"]
[White "Meiser, Markus"]
[Black "Nguyen Anh Dung"]
[Result "0-1"]
[WhiteElo "2245"]
[BlackElo "2485"]

1.d4 Nf6 2.c4 e6 3.Nf3 b6 4.Nc3 Bb7 5.Bg5 h6 6.Bh4 Be7 7.e3 O-O 8.Bd3 c5
9.O-O cxd4 10.Nxd4 d6 11.Qd2 Nbd7 12.Rfd1 Rc8 13.Bf1 a6 14.Rac1 Qc7 15.f3 Rfd8
16.Qe1 Qb8 17.e4 Re8 18.Kh1 Bd8 19.Qf2 Ne5 20.b3 Ng6 21.Bg3 Nh5 22.f4 Qa8
23.Be2 Nhxf4 24.Bxf4 Nxf4 25.Qxf4 e5 26.Qg4 exd4 27.Nd5 Bxd5 28.exd5 Bg5
29.Rb1 Be3 30.Rf1 Rc7 31.Bd3 Qd8 32.Rf3 Re5 33.Rbf1 h5 34.Qh3 g6 35.Rf6 Bg5
36.R6f3 f5 37.g3 Qf6 38.Qg2 Rce7 39.h4 Bh6 40.Qb2 Re3 41.Qg2 Kg7 42.Kg1 Qe5
43.Kh1 a5 44.a4 Rf7 45.Kg1 Kh8 46.Kh1 Re7 47.Kg1 Qg7 48.Kh1 Kh7 49.Kg1 R7e5
50.Kh1 Qe7 51.Kg1 Kg7 52.Kh1 R3e4 53.R3f2 Re3 54.Rf3 Qc7 55.Kh2 Qc5 56.Qc2 Qb4
57.Kh3 Kf6 58.Qf2  0-1

[Event "Bled op"]
[Site "Bled"]
[Date "1999.03.21"]
[Round "2"]
[White "Steiner, Darko"]
[Black "Illijin, Neboisa"]
[Result "1/2-1/2"]
[WhiteElo "2266"]
[BlackElo "2252"]

1.d4 Nf6 2.c4 e6 3.Nf3 b6 4.Nc3 Bb4 5.Qc2 Bb7 6.a3 Bxc3+ 7.Qxc3 d6 8.e3 O-O
9.Bd3 Ne4 10.Qc2 f5 11.O-O Nd7 12.Nd2 Qh4 13.f3 Nxd2 14.Bxd2 Rae8 15.Bc3 Qg5
16.Rae1 c5  1/2-1/2

[Event "MI Festival GM"]
[Site "Bucharest"]
[Date "1999.03.23"]
[Round "4"]
[White "Mateuta, Gabriel"]
[Black "Brajovic, Radovan"]
[Result "1-0"]
[WhiteElo "2397"]
[BlackElo "2364"]

1.d4 Nf6 2.Nf3 e6 3.c4 b6 4.Nc3 Bb4 5.Qb3 c5 6.Bg5 Bb7 7.O-O-O Bxc3 8.Qxc3 Ne4
9.Bxd8 Nxc3 10.bxc3 Kxd8 11.d5 Ke7 12.e4 d6 13.Bd3 Nd7 14.h4 e5 15.a4 Nf6
16.Kd2 Rab8 17.a5 Bc8 18.axb6 axb6 19.Rb1 Bd7 20.Rb2 Kd8 21.Rhb1 Kc7 22.Ng1 g6
23.Ne2 Nh5 24.Rg1 f5 25.f3 fxe4 26.Bxe4 b5 27.Ra1 Rb7 28.cxb5 Bxb5 29.Bd3 Bxd3
30.Rxb7+ Kxb7 31.Kxd3 Rf8 32.Rb1+ Kc7 33.Ra1 Kb7 34.Ke3 c4 35.g4 Nf6 36.Rd1 e4
37.g5 exf3 38.Nf4 Nd7 39.Kxf3 Rf5 40.Kg3 Nb6 41.Kg4 Nd7 42.Rb1+ Kc8 43.Kf3 Kc7
44.Rb4 Ne5+ 45.Ke4 Kc8 46.Rb6 Kc7 47.Ra6 Nd3 48.Ne6+ Kd7 49.Ra7+ Kc8 50.Rxh7 Rf1
51.Rc7+ Kb8 52.Rxc4 Ne5 53.Rb4+ Kc8 54.Ra4 Rh1 55.Ra8+ Kb7 56.Rh8 Rh3 57.c4 Rc3
58.Rh7+ Kb8 59.c5 Rc4+ 60.Ke3 dxc5 61.d6 Ng4+ 62.Kd2 Ne5 63.d7 Nc6 64.Rh8+ Kb7
65.d8=Q Nxd8 66.Nxd8+  1-0

[Event "Bled op"]
[Site "Bled"]
[Date "1999.03.25"]
[Round "6"]
[White "Farago, Ivan"]
[Black "Grosar, Aljosa"]
[Result "1/2-1/2"]
[WhiteElo "2533"]
[BlackElo "2450"]

1.d4 Nf6 2.c4 e6 3.Nf3 b6 4.Nc3 Bb4 5.Qb3 c5 6.Bg5 Nc6 7.d5 Na5 8.Qc2 h6
9.Bh4 d6 10.a3 Bxc3+ 11.Qxc3 e5 12.Nd2 Bd7 13.e3 Qe7 14.Bd3 g5 15.Bg3 Nh5
16.Be2 Ng7 17.f4 f6 18.fxe5 fxe5 19.O-O O-O-O 20.Ne4 Nf5 21.b4 Nb7 22.bxc5 Nxc5
23.Nxc5 Nxg3 24.hxg3 dxc5 25.Rf2 Rdf8 26.Raf1 Rxf2 27.Rxf2 h5 28.Qc2 Rh6
29.Bd3 h4 30.gxh4 gxh4 31.Bf5 Rf6 32.Bxd7+ Kxd7 33.Qa4+ Kc8 34.Rxf6 Qxf6
35.Qxa7 h3 36.Qa8+ Kc7 37.a4 hxg2 38.Qc6+ Qxc6 39.dxc6 Kxc6 40.Kxg2 Kd7 41.Kf3 Ke7  1/2-1/2

[Event "Bled op"]
[Site "Bled"]
[Date "1999.03.25"]
[Round "6"]
[White "Kozul, Zdenko"]
[Black "Sax, Gyula"]
[Result "1/2-1/2"]
[WhiteElo "2585"]
[BlackElo "2524"]

1.d4 Nf6 2.c4 e6 3.Nf3 b6 4.Nc3 Bb7 5.a3 d5 6.Bg5 Be7 7.Bxf6 Bxf6 8.cxd5 exd5
9.Qa4+ Qd7 10.Qc2 O-O 11.e3 c5 12.O-O-O cxd4 13.Nxd4 Nc6 14.Qf5 Qxf5 15.Nxf5 Bxc3
16.bxc3 Rfd8 17.Kb2 g6 18.Nd4 Ne5 19.Be2 Nd7 20.Nb3 Rac8 21.Rd2 Rc7 22.Rc1 Kf8
23.g3  1/2-1/2

[Event "Bled op"]
[Site "Bled"]
[Date "1999.03.27"]
[Round "8"]
[White "Kozul, Zdenko"]
[Black "Drei, Andrea"]
[Result "1-0"]
[WhiteElo "2585"]
[BlackElo "2349"]

1.d4 Nf6 2.c4 e6 3.Nf3 b6 4.Nc3 Bb4 5.Bg5 Bb7 6.Nd2 Be7 7.e4 Nxe4 8.Bxe7 Nxc3
9.Bxd8 Nxd1 10.Bxc7 Nxb2 11.a4 d5 12.cxd5 exd5 13.Ra2 Nc4 14.Nxc4 dxc4 15.Bxc4 Kd7
16.Bf4 Rc8 17.Bb5+ Bc6 18.Kd2 a6 19.Bd3 Bd5 20.Rb2 b5 21.Bf5+ Be6 22.Be4 Ra7
23.d5  1-0

[Event "MI Festival GM"]
[Site "Bucharest"]
[Date "1999.03.28"]
[Round "9"]
[White "Mateuta, Gabriel"]
[Black "Istratescu, Andrei"]
[Result "0-1"]
[WhiteElo "2397"]
[BlackElo "2549"]

1.d4 Nf6 2.Nf3 e6 3.c4 b6 4.Nc3 Bb4 5.Bg5 Bb7 6.Nd2 h6 7.Bh4 Bxc3 8.bxc3 d6
9.f3 Nbd7 10.e3 Qe7 11.Bd3 e5 12.e4 Nf8 13.Bf2 Ne6 14.g3 O-O-O 15.Qe2 Nd7
16.c5 exd4 17.c6 Bxc6 18.cxd4 Bb7 19.Ba6 Qf6 20.Bxb7+ Kxb7 21.Nb3 d5 22.e5 Qf5
23.O-O Nb8 24.a4 a6 25.Rfc1 h5 26.Be3 g5 27.Rab1 Kc8 28.Rb2 Kd7 29.a5 b5
30.Bd2 g4 31.Rf1 Ke8 32.fxg4 Qxg4 33.Qxg4 hxg4 34.Rc2 Rh7 35.Be3 Nd7 36.Rc6 Ra8
37.Nc1 Nb8 38.Rc2 c5 39.dxc5 Nc6 40.Nd3 Nxa5 41.Nb4 Rd8 42.c6 Nc4 43.c7 Nxc7
44.Bb6 f5 45.exf6 Nxb6 46.f7+ Rxf7 47.Rxf7 Kxf7 48.Rxc7+ Ke6 49.Nxa6 Nc4
50.Rg7 d4 51.Nc7+ Kf6 52.Rxg4 b4 53.Rf4+ Ke5 54.Na6 d3 55.Nxb4 d2 56.Nc6+ Kd5
57.Nxd8 d1=Q+  0-1

[Event "Schloss Open A 5th"]
[Site "Werther"]
[Date "1999.03.28"]
[Round "5"]
[White "Sulipa, Aleksandar"]
[Black "Pasalic, Mehmed"]
[Result "1-0"]
[WhiteElo "2424"]
[BlackElo "2350"]

1.d4 Nf6 2.c4 e6 3.Nf3 b6 4.Nc3 Bb7 5.Bg5 Be7 6.e3 d6 7.Bd3 Nbd7 8.O-O c5
9.Qe2 h6 10.Bh4 a6 11.Bg3 Nh5 12.d5 Nxg3 13.hxg3 exd5 14.Nxd5 Nf6 15.Nf4 O-O
16.Rad1 Re8 17.Nh2 Qd7 18.Nf3 Bf8 19.Nd2 d5 20.cxd5 Nxd5 21.Nc4 Nxf4 22.gxf4 Qc7
23.Ne5 Bd6 24.Nxf7 Bxf4 25.Bc4 Kf8 26.Nh8 Bh2+ 27.Kh1 Re4 28.Qf3+ Rf4 29.Ng6+ Ke8
30.exf4  1-0

[Event "Dreifluesse op 7th"]
[Site "Passau"]
[Date "1999.04.04"]
[Round "6"]
[White "Kranewitter, Norbert"]
[Black "Testor, Sebastian"]
[Result "1/2-1/2"]
[WhiteElo "2183"]
[BlackElo "2003"]

1.d4 Nf6 2.c4 e6 3.Nf3 b6 4.Nc3 Bb4 5.a3 Bxc3+ 6.bxc3 d6 7.Bg5 h6 8.Bxf6 Qxf6
9.e4 O-O 10.Bd3 e5 11.h3 Nc6 12.d5 Na5 13.O-O g5 14.Nh2 Kh8 15.Re1 Ba6 16.Re3 Bxc4
17.Bxc4 Nxc4 18.Rf3 Qg6 19.Qe2 Na5 20.Rf5 Nb3 21.Re1 Nc5 22.Ng4 f6 23.Qf3 Nd7
24.Ne3 Rf7 25.h4 gxh4 26.Rh5 Rh7 27.Nf5 Rg8 28.Rxh4 h5 29.g3 Qg5 30.Kg2 Nf8
31.Reh1 Ng6 32.Rxh5 Nf4+ 33.Qxf4 Qxh5 34.Rxh5 exf4 35.Rxh7+ Kxh7 36.Kf3 fxg3
37.fxg3 Rh8 38.Kf4 Kg6 39.Nh4+ Kf7 40.Ke3 Kg7 41.Kf4 b5 42.Ke3 Rb8 43.Kf4 Kf7
44.Nf5 a5 45.Nd4 b4 46.cxb4 axb4 47.axb4 Rxb4 48.Nc6 Rb1 49.Nd4 Rf1+ 50.Kg4 Ke7
51.Nf5+ Kd7 52.Ne3 Re1 53.Kf4 c5 54.dxc6+ Kxc6 55.Nd5 Rf1+ 56.Ke3 Kc5 57.Ke2 Ra1
58.Nxf6 Ra3 59.Kf2 Kd4 60.g4 Ke5 61.g5 Ke6 62.Kg2 Kf7 63.Kf2 Kg6 64.Ne8 Ra6
65.Ke3 Kxg5 66.Kd4 Kf4 67.Kd5 Ra5+ 68.Kxd6 Kxe4 69.Nf6+ Kd4 70.Ke6 Re5+  1/2-1/2

[Event "Czerniak mem 15th"]
[Site "Tel Aviv"]
[Date "1999.04.05"]
[Round "6"]
[White "Bykhovsky, Avigdor"]
[Black "Kanstler, Boris"]
[Result "1/2-1/2"]
[WhiteElo "2453"]
[BlackElo "2539"]

1.d4 Nf6 2.c4 e6 3.Nf3 b6 4.Nc3 Bb7 5.Bg5 Bb4 6.e3 h6 7.Bh4 Bxc3+ 8.bxc3 d6
9.Nd2 Nbd7 10.f3 Nf8 11.Bd3 Ng6 12.Bf2 O-O 13.Qb1 Qe8 14.a4 e5 15.O-O d5  1/2-1/2

[Event "ISR-ch op"]
[Site "Tel Aviv"]
[Date "1999.04.06"]
[Round "7"]
[White "Mikhalevski, Alexander"]
[Black "Golod, Vitali"]
[Result "1/2-1/2"]
[WhiteElo "2495"]
[BlackElo "2554"]

1.d4 Nf6 2.c4 e6 3.Nf3 b6 4.Nc3 Bb7 5.a3 g6 6.Bg5 h6 7.Bh4 Bg7 8.e3 O-O 9.Be2 d5
10.cxd5 exd5 11.O-O Nbd7 12.Ne5 Qe7 13.f4 g5 14.fxg5 hxg5 15.Bxg5 Nxe5 16.dxe5 Qxe5
17.Bf4 Qe7 18.Nb5 Ne4 19.Nxc7 Rad8 20.Nb5 Bxb2 21.Ra2 Bg7 22.Bd3 Ba6 23.Qh5 f5
24.a4 Qf7 25.Qh3 Qg6 26.Rc2 Nc5 27.Be2 Qh7 28.Qf3 Bxb5 29.Bxb5 d4 30.exd4 Rxd4
31.Qe2 Re4 32.Qd1 Rd4 33.Qe2 Re4 34.Qd1 Rd4 35.Qe1 Re4 36.Qg3 Kh8 37.Bc6 Rd4
38.Be5 f4 39.Bxg7+ Qxg7 40.Qh3+ Qh7 41.Qxh7+ Kxh7 42.a5 Rf6 43.Bf3 Rb4 44.axb6 axb6
45.Rd2 Kg7 46.Ra1 Ne6 47.Rd7+ Rf7 48.Rd6 Nd4 49.Bh5 Re7 50.Rd1 Ne2+ 51.Bxe2  1/2-1/2

[Event "Golden Cleopatra op 3rd"]
[Site "Cairo"]
[Date "1999.04.11"]
[Round "1"]
[White "Neverov, Valeriy"]
[Black "Sarwat, Walaa"]
[Result "1-0"]
[WhiteElo "2532"]
[BlackElo "2300"]

1.d4 Nf6 2.c4 e6 3.Nf3 b6 4.Nc3 Bb4 5.Bg5 Bb7 6.Nd2 Bxc3 7.bxc3 d6 8.f3 Nbd7
9.e4 e5 10.Bd3 h6 11.Be3 Qe7 12.O-O g5 13.a4 a5 14.Re1 Nh5 15.Nf1 c5 16.Bf2 O-O
17.Ne3 Ng7 18.Rb1 Rab8 19.Rb2 Qf6 20.Rd2 Rfd8 21.h4 Ne6 22.Ng4 Qg7 23.Bf1 Ndf8
24.hxg5 hxg5 25.dxe5 dxe5 26.Rxd8 Rxd8 27.Qb3 Rd6 28.Rd1 Rc6 29.g3 f6 30.Bh3 Qe7
31.Nh6+ Kh8 32.Nf5 Qc7 33.Kg2 Ng7 34.Ne3 Bc8 35.Rh1 Kg8 36.Nd5 Bxh3+ 37.Rxh3 Qd8
38.Rh6 Rd6 39.Qb5 Kf7 40.Be3 Ng6 41.Rh1 Kg8 42.Rb1 f5 43.exf5 Nxf5 44.Bf2 g4
45.fxg4 Nh6 46.Qa6 Qg5 47.Rxb6 Qxg4 48.Nf6+ Rxf6 49.Rxf6 Qe4+ 50.Kg1 Qb1+
51.Kg2 Qe4+ 52.Rf3 Ng4 53.Qe6+ Kg7 54.Qd5 Nxf2 55.Kxf2 Qc2+ 56.Kg1 Qc1+ 57.Kg2 Qc2+
58.Rf2 Qxc3 59.Qd7+ Kh8 60.Qd2 Qxd2 61.Rxd2 Nf4+  1-0

[Event "St Quentin op"]
[Site "St Quentin"]
[Date "1999.04.17"]
[Round "1"]
[White "Solozhenkin, Evgeniy"]
[Black "Rue, David"]
[Result "1-0"]
[WhiteElo "2545"]
[BlackElo "2153"]

1.d4 Nf6 2.c4 e6 3.Nf3 b6 4.Nc3 Bb4 5.Bg5 h6 6.Bh4 g5 7.Bg3 Ne4 8.Qc2 Bb7
9.e3 Bxc3+ 10.bxc3 d6 11.Bd3 f5 12.d5 exd5 13.cxd5 Bxd5 14.Nd4 Nd7 15.f3 Nxg3
16.hxg3 Ne5 17.Bb5+ c6 18.Rd1 a6 19.Be2 Qf6 20.Nxf5 O-O-O 21.e4 Bc4 22.f4 Bxe2
23.Qxe2  1-0

[Event "St Quentin op"]
[Site "St Quentin"]
[Date "1999.04.20"]
[Round "4"]
[White "Labarthe, Arnaud"]
[Black "Vlahovic, Dimitri"]
[Result "1-0"]
[WhiteElo "2010"]
[BlackElo "2060"]

1.d4 Nf6 2.c4 e6 3.Nf3 b6 4.Nc3 Bb7 5.a3 Be7 6.d5 O-O 7.e4 exd5 8.cxd5 d6
9.Be2 a6 10.O-O Nbd7 11.Nd4 Nxe4 12.Nxe4 Bxd5 13.Nc3 Bb7 14.Bf3 Bxf3 15.Nxf3 c6
16.Bf4 d5 17.Nd4 Rc8 18.Re1 Bf6 19.Nf5 Nc5 20.Bd6 Qd7 21.Bxf8 Kxf8 22.Ng3 g6
23.Qf3 Kg7 24.Rad1 Qc7 25.Re2 Ne6 26.Rxe6 fxe6 27.Qg4 Kf7 28.f4 Re8 29.Nge2 c5
30.Qh3 Kg7 31.g4 d4 32.Ne4 Be7 33.Ng5 Bxg5 34.fxg5 Qe5 35.Qg2 Qe3+ 36.Qf2 Qxg5
37.Rf1 Qe7 38.Ng3 Rd8 39.Ne4 h6 40.h4 Rd5 41.Nf6 Rd8 42.Qe2 e5 43.Qe4 Rf8
44.g5 hxg5 45.hxg5 Rh8 46.Kg2 d3 47.Qxd3 Rd8 48.Qh3 Rh8 49.Qg4 Qb7+ 50.Kg3 Rd8
51.Rd1 Rd4 52.Rxd4 exd4 53.Qd7+ Qxd7 54.Nxd7 c4 55.Kf3 b5 56.Nc5 c3 57.b4 Kf7
58.Ke4 c2 59.Nd3 Ke6 60.Nf4+ Kd6 61.Ne2 d3 62.Kxd3 Ke5 63.Kxc2 Kf5 64.Kd3 Kxg5
65.Ke3 Kf5 66.Kd4  1-0

[Event "PHI-ch"]
[Site "Quezon City"]
[Date "1999.05.03"]
[Round "10"]
[White "Chiong, Luiz"]
[Black "Bitoon, Richard"]
[Result "0-1"]
[WhiteElo "2390"]
[BlackElo "2393"]

1.d4 Nf6 2.c4 e6 3.Nf3 b6 4.Nc3 Bb4 5.Bg5 h6 6.Bh4 Bb7 7.e3 O-O 8.Bd3 d6
9.Qc2 Nbd7 10.e4 Bxc3+ 11.bxc3 e5 12.O-O c5 13.Rfe1 Re8 14.Nd2 Nf8 15.d5 Ng6
16.Bg3 Bc8 17.f3 Re7 18.Nf1 Rb8 19.Ne3 a6 20.Nf5 Reb7 21.a4 Kh7 22.Kh1 Ng8
23.Bf2 Nf4 24.Bf1 g6 25.Ne3 Nh5 26.g3 Qe8 27.Bd3 Bd7 28.Ng2 b5 29.cxb5 axb5
30.axb5 Bxb5 31.Bxb5 Rxb5 32.Ra2 Rb3 33.Ne3 Qb5 34.Kg2 Ne7 35.c4 Qb4 36.Re2 Rb1
37.h4 Nc8 38.Ra4 Qb7  0-1

[Event "IND-ROW m"]
[Site "Bali"]
[Date "1999.05.05"]
[Round "4"]
[White "Van den Doel, Erik"]
[Black "Barus, Cerdas"]
[Result "1-0"]
[WhiteElo "2535"]
[BlackElo "2465"]

1.d4 Nf6 2.c4 e6 3.Nf3 b6 4.Nc3 Bb4 5.Bg5 Bb7 6.e3 Bxc3+ 7.bxc3 d6 8.Bd3 Nbd7
9.Qc2 Qe7 10.e4 h6 11.Bh4 e5 12.O-O g5 13.Bg3 Nh5 14.a4 a5 15.c5 O-O 16.cxd6 cxd6
17.Bb5 Nxg3 18.fxg3 Ba6 19.Bxa6 Rxa6 20.Nd2 Ra7 21.Qd3 Rc7 22.Nc4 exd4 23.Qxd4 d5
24.exd5 Qc5 25.Na3 Qxc3 26.Qd1 Rc5 27.Nb5 Qe5 28.d6 Re8 29.Qh5 Qg7 30.Qg4 f5
31.Qf3 Qe5 32.Kh1 Qe4 33.Qf2 Ree5 34.h3 Rc2 35.Qg1 Qd3 36.Ra3 Qd5 37.Raf3 Ree2
38.Nc3 Rxc3 39.Rxc3 Kf7 40.Rxf5+ Qxf5 41.Rf3 Qxf3 42.gxf3 Rd2 43.Qb1 Rxd6
44.Qh7+ Ke8 45.Qg8+ Ke7 46.f4 gxf4 47.gxf4 Rf6 48.Qg4 Kd8 49.Kg2 Kc7 50.f5 Kd8
51.Kg3 Kc7 52.Qf4+ Kc6 53.Qc4+ Kb7 54.Kf4 Rd6 55.Qf7 Kc7 56.Qe7 Rd4+ 57.Ke3 Rd6
58.Qg7 Kc6 59.Qc3+ Kb7 60.Qc4 Kb8 61.Qf4 Kc7 62.Ke4 Kc6 63.Kf3 Rd3+ 64.Ke2 Rd6
65.Qc4+ Kb7 66.Qe4+ Kc7 67.Qf4 Kc6 68.h4 Kc7 69.f6 Nxf6 70.Qxh6 Rc6 71.Kd3 Kd7
72.Kd4 Ke6 73.h5 Rc5 74.Qe3+ Kf7 75.Qb3+ Ke7 76.h6 Rd5+ 77.Qxd5  1-0